Quizzes
Events
Quiz Creation
Community
Videos
Private Events
Remove Ads
Sign In
Join for FREE
Feedback
Dark Mode
Quiz Categories
Sports
Geography
Music
Movies
Television
Just For Fun
Miscellaneous
History
Literature
Language
Science
Gaming
Entertainment
Religion
Holiday
For Kids
Quiz Lab
Recent
Popular Today
Quiz Kudos Today
Editor Picks
Curator Picks
Quizzes by...
Day
Popularity
Type
Ratings
Length
Year
Community
Subscriptions
Recent Discussions
Orange Saloon
Badges
Playlists
Quests
Create
Leaderboards
Showdown
Live 5
Trivia Bingo
Activity
Puzzle Library
Sporcle Events
Private Events
Virtual Trivia
Globe League
Become a Host
Pub Owners
SporcleCon
Opinionation
Our Games
Videos
Blog
Mobile Apps
Partnerships
Remove Ads and Go Orange
Feedback
Gaming
Video Games
Board Games
Card Games
Pokémon
Mario
Nintendo
Minecraft
Console
Toys
Legend of Zelda
Gaming
Video Games
Board Games
Card Games
Pokémon
Mario
Nintendo
Minecraft
Console
Toys
Legend of Zelda
Random Quiz
Search Sporcle
×
Quiz Lab
Quiz Lab
Gaming
Nintendo
Type in answers that appear in a list
Type in answers that appear in a list
Classic
Best Score? Go Orange.
Kirby Air Ride Machines Stats
Can you name the machines from Kirby Air Ride?
By
Zachy
5m
22 Questions
670 Plays
670 Plays
670 Plays
Comments
Comments
Give Quiz Kudos
Give Quiz Kudos
-
- Ratings
hide this ad
Replay
Link that replays current quiz
Next Quiz
Link to next quiz in quiz playlist
You Got
0%
They Got
Avg Score
76%
Avg Friend Score
Upgrade to see
Score Distribution
Jump to the score distribution portion of the page
Score
0/22
Timer
05:00
1
Play Today
Description
Machine
% Correct
Great for cruising and gliding. No real flaws.
Warpstar
95.2%
A legendary machine that cuts the sky!
Dragoon
93.4%
A legendary machine with upgraded battle power.
Hydra
91.6%
-
-
-
-
-
-
with wings spread. Fear the sword!
Meta Knight
91.1%
-
-
-
-
-
-
on a bike. Is he really a king?
King Dedede
91%
One hit punishes foes! Fly with evil wings!
Shadow Star
85.1%
Only has one wheel. Control is unorthodox.
Wheelie Bike
81.2%
Slippery handling makes for tough control.
Slick Star
77.2%
Speed increases while it's in the air.
Jet Star
77%
Cruise! Stop! Cruise! Stop!
Swerve Star
77%
Jumps very high. Charge up for quick rotation.
Wheelie Scooter
76.6%
Description
Machine
% Correct
A sturdy ride if you can handle the speed.
Rex Wheelie
76%
Slow on the ground, but a great glider.
Winged Star
75.7%
Can't charge up, but... it has good points.
Wagon Star
75.4%
The best top speed of all! Keep moving...
Formula Star
75.2%
Good acceleration, good cornering, but a tad slow.
Compact Star
74.5%
Charging up gives it fuel! It can take a beating.
Bulk Star
73.1%
Charge all the way then get a super Boost!
Rocket Star
72.7%
One speedy ride! But... steering can be tough.
Turbo Star
71.3%
A prototype with upgraded flying capabilities.
Flight Warpstar
60.7%
Tilt control stick where you want to go!
Free Star
50.6%
Tilt control stick left or right to steer!
Steer Star
50.5%
Quiz Playlist
Details
Report
Send in Message
Add To Playlist
Classic:
Type in answers that appear in a list
Last Updated: Feb 16, 2017
Quiz Scoreboard
CHALLENGE
Sign Up to Join the Scoreboard
Show All
Scores
Hide
Comments
May contain spoilers
Recently Published
9x9 Crossword: Cartoon Network
by jackfrog10
Miscellaneous
3m
College Basketball Coaching Resumes
by pancakes188
Sports
9m
Billboard Blitz: Fleetwood Mac
by CooCooCachoo
Music
15s
More to Explore
Quiz From the Vault
Featured Blog Post
Where Did the Easter Bunny Come From?
hide this ad
You Might Also Like...
Tags
Nintendo Quiz
Air
Air Ride
description
Kirby
machine
ride
Today's Top Quizzes in Gaming
Browse Gaming
hide this ad
Today's Top Quizzes in Nintendo
Browse Nintendo
Top Contributed Quizzes in Gaming
1
5-to-1: Consoles
2
7-to-1: Board Game Piece Blitz
3
5-to-1: Legend of Zelda
4
League of Legends Pro Players by Career/Team History
5
Destiny 2 exotic weapons by perk icons
6
Ultimate Genshin Impact Logic Puzzle (up to 4.3)
7
Franchise by Action Figure
8
Who's on the WWE 2K24 Cover?
9
Genshin Impact Logic Puzzle Quiz
10
Order the Pokémon Regions
Explore More
Trending Topics
Disney
Anime
Marvel
Crossword
Harry Potter
NBA
Kpop
Puzzle
Pokémon
WWE
Soccer
The Office
Country
NFL
Song
hide this ad
More By:
Zachy
Quiz
Plays
Rating
Category
Featured
Created
Kirby Air Ride Machines
670
4.60
Gaming
Oct 3, 2009
Super Smash Bros. Items
619
2.80
Gaming
Oct 11, 2009
Paper Mario Partners
500
4.86
Gaming
Sep 28, 2009
Yellow Submarine
340
2.00
Music
Oct 11, 2009
Name It Again
202
1.43
Miscellaneous
Oct 4, 2009
Go to Creator's Profile
Score Distribution
Quiz Creator Spotlight
Zachy
Follow
Send a Message
Quizzes Created
-
Created Quiz Play Count
-
More By This Creator
Popular Quizzes Today
1
Find the US States - No Outlines Minefield
2
Find the Countries of Europe - No Outlines Minefield
3
The Countries of the World
4
Find the US States
5
Risky Map Clicking: Biggest States A-Z
6
US States
7
Popular People in 1961
8
Movies - When Are They Set?
More Gaming Quizzes
Video Games: A Word Too Many
Published
Trending Quizzes
Risky Map Clicking: Least Populous States A-Z
1-10 Letter G Words
Risky Map Clicking: Next State Alphabetically
Adjectives in 80s TV Shows
The Seven Year Switch: Catherine
Recently Updated
Leaping Animals
pecheneg
Reality TV Shows (A-Z)
bhenderson79
Rickey Henderson's Hall of Fame Teammates
pecheneg
Champions League XIs: Arsenal
pecheneg
Quick Pick: Celebrities in WWE's Hall of Fame
aduchscher
A-Z Keypad Blitz II
pecheneg
Multiple Oscar Actors
pecheneg
Mystery Phrase Blitz: Oscar 'Best Actors'
pecheneg
F. Scott Fitzgerald Novels
LTH
Pick 3 Villains
ddd62291
Trending Topics
NBA
Kpop
Anime
Disney
Marvel
Crossword
Harry Potter
Pokémon
Puzzle
Soccer
Country
NFL
WWE
Song
The Office
Your Account Isn't Verified!
In order to create a playlist on Sporcle, you need to verify the email address you used during registration. Go to your
Sporcle Settings
to finish the process.
Report this User
Report this user for behavior that violates our
Community Guidelines
.
Details:
Send Report
Go to the Sporcle.com Mobile Site →
Comments